[Event "FIDE Open World Blitz 2021"]
[Site "Warsaw"]
[Date "2021.12.30"]
[Round "18.51"]
[White "Van Foreest, Lucas"]
[Black "Wojtaszek, Radoslaw"]
[Result "1/2-1/2"]
[WhiteElo "2532"]
[BlackElo "2700"]
[Annotator "ChessBase"]
[PlyCount "73"]
[EventDate "2021.12.29"]
[EventType "swiss"]
[EventCountry "POL"]
[Tiebreak "Cut1 Buchholz"]
[SourceTitle "playchess.com"]
[Source "ChessBase"]
[SourceQuality "1"]

1. e4 c6 2. Qg4 d5 3. Qg3 Nf6 4. d3 dxe4 5. Nc3 Bf5 6. Qf4 Bg6 7. dxe4 e6 8. f3
Nbd7 9. g4 Bc5 10. Bd2 Qb6 11. Na4 Bf2+ 12. Ke2 Qd4 13. Bc3 Qxa4 14. Kxf2 Nd5
15. b3 Nxf4 16. bxa4 e5 17. Ne2 Ne6 18. Nc1 h5 19. gxh5 Rxh5 20. Nd3 f6 21. h4
Nec5 22. a5 Bf7 23. Bh3 Be6 24. Nxc5 Nxc5 25. Bb4 Bxh3 26. Bxc5 Be6 27. a3
O-O-O 28. Be3 a6 29. Rad1 Rxd1 30. Rxd1 Rxh4 31. Bb6 Bd7 32. Kg3 Rh3+ 33. Kg2
Rh8 34. Kg3 Rh3+ 35. Kg2 Rh5 36. Kg3 Rh8 37. Kg2 1/2-1/2

[Event "FIDE Open World Blitz 2021"]
[Site "Warsaw"]
[Date "2021.12.30"]
[Round "18.52"]
[White "Shevchenko, Kirill"]
[Black "Mikhalevski, Victor"]
[Result "1-0"]
[WhiteElo "2647"]
[BlackElo "2577"]
[Annotator "ChessBase"]
[PlyCount "69"]
[EventDate "2021.12.29"]
[EventType "swiss"]
[EventCountry "POL"]
[Tiebreak "Cut1 Buchholz"]
[SourceTitle "playchess.com"]
[Source "ChessBase"]
[SourceQuality "1"]

1. d4 Nf6 2. Bg5 d5 3. Nd2 c5 4. dxc5 e6 5. e4 h6 6. Bh4 Bxc5 7. e5 g5 8. Bg3
Nfd7 9. Nb3 Bb6 10. h4 Nc6 11. hxg5 Qxg5 12. Nf3 Qg7 13. Bb5 a6 14. Ba4 Bc7 15.
Bxc6 bxc6 16. Qe2 a5 17. a4 Ba6 18. Qe3 c5 19. O-O-O Bb6 20. Bh4 Rb8 21. Rh3 d4
22. Qe1 Bb7 23. Nxa5 Bd5 24. Rg3 Qh7 25. Bf6 Rg8 26. Nb3 Rxg3 27. fxg3 Bc7 28.
Nfd2 Ra8 29. a5 Bxa5 30. Nxa5 Rxa5 31. Nb1 Ra1 32. Qe2 Nxf6 33. exf6 Qg6 34.
Qb5+ Kf8 35. Qb8# 1-0

[Event "FIDE Open World Blitz 2021"]
[Site "Warsaw"]
[Date "2021.12.30"]
[Round "19.1"]
[White "Nguyen, Thai Dai Van"]
[Black "Howell, David W L"]
[Result "0-1"]
[WhiteElo "2594"]
[BlackElo "2648"]
[Annotator "ChessBase"]
[PlyCount "104"]
[EventDate "2021.12.29"]
[EventType "swiss"]
[EventCountry "POL"]
[Tiebreak "Cut1 Buchholz"]
[SourceTitle "playchess.com"]
[Source "ChessBase"]
[SourceQuality "1"]

1. d4 d5 2. c4 c6 3. Nc3 Nf6 4. e3 a6 5. Nf3 Bf5 6. Qb3 Ra7 7. Be2 e6 8. O-O h6
9. Bd2 Nbd7 10. a4 a5 11. Rad1 Bd6 12. Bc1 O-O 13. Bd3 Bg4 14. Be2 Ne4 15. h3
Bh5 16. Rfe1 f5 17. Nd2 Bf7 18. f4 Nxd2 19. Bxd2 g5 20. cxd5 exd5 21. Qc2 Be6
22. Bd3 Kh8 23. Rf1 g4 24. hxg4 fxg4 25. e4 Qh4 26. Be1 g3 27. Bxg3 Qxg3 28. e5
Bb4 29. f5 Nxe5 30. fxe6 Nf3+ 31. Rxf3 Rxf3 32. Ne2 Qf2+ 33. Kh1 Rf6 34. e7
Bxe7 35. Qd2 Ra8 36. Ng1 Qxd2 37. Rxd2 Bd6 38. Nf3 Re8 39. Kg1 Bg3 40. Rd1 Kg7
41. Bf1 Re3 42. Bd3 h5 43. Bc2 h4 44. Kh1 Re2 45. Bd3 Rxb2 46. Ng5 Kh6 47. Nh3
Rb4 48. Bc2 Rc4 49. Bb3 Rc3 50. Ba2 Ra3 51. Bb1 Rxa4 52. Ng1 Ra1 0-1

[Event "FIDE Open World Blitz 2021"]
[Site "Warsaw"]
[Date "2021.12.30"]
[Round "19.2"]
[White "Predke, Alexandr"]
[Black "Jumabayev, Rinat"]
[Result "1-0"]
[WhiteElo "2627"]
[BlackElo "2658"]
[Annotator "ChessBase"]
[PlyCount "93"]
[EventDate "2021.12.29"]
[EventType "swiss"]
[EventCountry "POL"]
[Tiebreak "Cut1 Buchholz"]
[SourceTitle "playchess.com"]
[Source "ChessBase"]
[SourceQuality "1"]

1. d4 Nf6 2. c4 c6 3. Nf3 d5 4. Qc2 g6 5. e3 Bg7 6. Be2 O-O 7. O-O Bg4 8. h3
Bxf3 9. Bxf3 dxc4 10. Na3 Nbd7 11. Nxc4 Qc7 12. Bd2 Rac8 13. Rac1 Rfe8 14. Rfd1
Qb8 15. b4 Nb6 16. Ne5 Nfd5 17. Nd3 Nd7 18. e4 Nc7 19. e5 Rcd8 20. a4 a6 21.
Be3 Nb6 22. Nc5 Nbd5 23. Bd2 f6 24. Re1 fxe5 25. dxe5 Rf8 26. Bg4 Qa7 27. Re2
Nf4 28. Re4 Nfd5 29. Rce1 a5 30. bxa5 Na6 31. Nd3 Kh8 32. R1e2 Ndc7 33. h4 Rd5
34. h5 gxh5 35. Bxh5 Qb8 36. Nf4 Rc5 37. Qb3 Qd8 38. Qh3 Kg8 39. Bg4 h6 40.
Be6+ Kh7 41. Bf5+ Kg8 42. Ng6 Rc2 43. Nxf8 Rxd2 44. Ne6 Rd1+ 45. Kh2 Qd5 46.
Rg4 Nxe6 47. Bxe6+ 1-0

[Event "FIDE Open World Blitz 2021"]
[Site "Warsaw"]
[Date "2021.12.30"]
[Round "19.3"]
[White "Aronian, Levon"]
[Black "Artemiev, Vladislav"]
[Result "0-1"]
[WhiteElo "2782"]
[BlackElo "2699"]
[Annotator "TA"]
[PlyCount "120"]
[EventDate "2021.12.29"]
[EventType "swiss"]
[EventCountry "POL"]
[Tiebreak "Cut1 Buchholz"]
[SourceTitle "playchess.com"]
[Source "ChessBase"]
[SourceQuality "1"]

1. e4 e5 2. Nf3 Nc6 3. Bc4 Be7 4. Nc3 Nf6 5. d3 d6 6. a3 O-O 7. O-O Kh8 8. h3
Nd7 9. Ba2 Nb6 10. g4 Be6 11. Nd5 Qd7 12. Re1 Rae8 13. b4 Bd8 14. Be3 Bxd5 15.
exd5 Ne7 16. c4 Ng6 17. c5 dxc5 18. Bxc5 Be7 19. Bxb6 axb6 20. Nxe5 Nxe5 21.
Rxe5 Bd6 22. Rxe8 Qxe8 23. Qe1 Qd8 24. Qe4 Qg5 25. Qf5 Qxf5 26. gxf5 Ra8 27.
Bb3 Bxb4 28. a4 Bd6 29. Kg2 Kg8 30. Kf3 Kf8 31. f6 gxf6 32. d4 b5 33. Ra2 bxa4
34. Rxa4 Re8 35. Ra7 b5 36. Bc2 Kg7 37. Ra1 b4 38. Rg1+ Kh8 39. Ra1 Rb8 40. Bb3
f5 41. Bc2 b3 42. Bxf5 b2 43. Rb1 Rb3+ 44. Ke2 Bf4 45. Bc2 Rb4 46. Kd3 Bc1 47.
Kc3 Rb6 48. Be4 Kg7 49. Kd3 Rb3+ 50. Kc4 Rxh3 51. d6 cxd6 52. Kd5 Rh6 53. f3
Kf8 54. Kc4 Ke7 55. Kd3 Rh2 56. Bf5 Kf6 57. Bd7 h5 58. Ke4 Re2+ 59. Kd5 Ke7 60.
Bf5 h4 0-1

[Event "FIDE Open World Blitz 2021"]
[Site "Warsaw"]
[Date "2021.12.30"]
[Round "19.3"]
[White "Sychev, Klementy"]
[Black "Van Foreest, Lucas"]
[Result "1/2-1/2"]
[WhiteElo "2615"]
[BlackElo "2532"]
[Annotator "ChessBase"]
[PlyCount "89"]
[EventDate "2021.12.29"]
[EventType "swiss"]
[EventCountry "POL"]
[Tiebreak "Cut1 Buchholz"]
[SourceTitle "playchess.com"]
[Source "ChessBase"]
[SourceQuality "1"]

1. d4 Nf6 2. c4 e6 3. Nc3 Bb4 4. Bf4 Bxc3+ 5. bxc3 d6 6. Nf3 Nc6 7. Qc2 Qe7 8.
e3 h6 9. Be2 Nh5 10. O-O O-O 11. Rab1 b6 12. Nd2 Nxf4 13. exf4 Bb7 14. Bf3 Na5
15. Bxb7 Nxb7 16. f5 Na5 17. Rbe1 Rae8 18. Re3 Qf6 19. Rfe1 Re7 20. Qd3 Rfe8
21. fxe6 Rxe6 22. g3 c5 23. Kg2 Rxe3 24. Rxe3 Rxe3 25. Qxe3 Qe6 26. Qd3 cxd4
27. cxd4 d5 28. c5 Nc6 29. Nb3 h5 30. h3 Qf6 31. cxb6 axb6 32. Qb5 Ne7 33. Qd7
h4 34. Qg4 hxg3 35. Qxg3 Nf5 36. Qg4 Nh4+ 37. Kg3 g5 38. f4 Nf5+ 39. Kh2 Nxd4
40. Nxd4 Qxd4 41. Qxg5+ Kf8 42. Qd8+ Kg7 43. Qg5+ Kf8 44. Qd8+ Kg7 45. Qg5+
1/2-1/2

[Event "FIDE Open World Blitz 2021"]
[Site "Warsaw"]
[Date "2021.12.30"]
[Round "19.4"]
[White "Martirosyan, Haik M."]
[Black "Alekseenko, Kirill"]
[Result "0-1"]
[WhiteElo "2624"]
[BlackElo "2710"]
[Annotator "ChessBase"]
[PlyCount "160"]
[EventDate "2021.12.29"]
[EventType "swiss"]
[EventCountry "POL"]
[Tiebreak "Cut1 Buchholz"]
[SourceTitle "playchess.com"]
[Source "ChessBase"]
[SourceQuality "1"]

1. d4 d5 2. c4 dxc4 3. e4 Nf6 4. e5 Nd5 5. Bxc4 Nc6 6. Ne2 Nb6 7. Bd3 Bg4 8. f3
Bh5 9. Nbc3 e6 10. Be3 Bg6 11. Be4 Qd7 12. O-O O-O-O 13. Bf2 Kb8 14. Rc1 Nb4
15. Nf4 N4d5 16. Ncxd5 Nxd5 17. Bxd5 exd5 18. Bg3 Bf5 19. Qb3 Be6 20. Bh4 Rc8
21. Nd3 Rg8 22. Rc3 g5 23. Bf2 Bf5 24. Rfc1 Bxd3 25. Rxd3 h5 26. Rdc3 c6 27.
Qc2 Bh6 28. Be3 Qe6 29. b4 f5 30. exf6 Qxf6 31. Qd2 Bf8 32. Rb3 Bd6 33. b5 cxb5
34. Rxb5 Rxc1+ 35. Qxc1 Rc8 36. Qd2 Qf5 37. Bxg5 a6 38. Rb2 Ka7 39. Be3 Ba3 40.
Rb3 Rc1+ 41. Kf2 Rc2 42. Rxa3 Rxd2+ 43. Bxd2 Qc2 44. Ke1 Qb2 45. Rc3 Qxa2 46.
g4 hxg4 47. fxg4 Qb1+ 48. Kf2 Qe4 49. g5 b5 50. Rg3 Qg6 51. h4 Qf5+ 52. Ke2
Qe4+ 53. Kf2 Qf5+ 54. Rf3 Qg4 55. Rf7+ Kb6 56. Rf6+ Kb7 57. Rf4 Qh3 58. g6 Qh2+
59. Kf3 Qh3+ 60. Kf2 Qh2+ 61. Kf3 Qxd2 62. Rf7+ Kb6 63. Rf6+ Ka5 64. g7 Qd3+
65. Kf4 Qh7 66. Rf7 Qxh4+ 67. Kf5 Qh5+ 68. Kf6 Qh6+ 69. Ke7 Qg5+ 70. Ke8 Kb4
71. Rb7 Qg6+ 72. Kf8 Qf6+ 73. Ke8 Qe6+ 74. Re7 Qg8+ 75. Kd7 Kc4 76. Kc6 b4 77.
Rc7 Kxd4 78. Kb6 b3 79. Kxa6 b2 80. Rb7 Qa8+ 0-1

[Event "FIDE Open World Blitz 2021"]
[Site "Warsaw"]
[Date "2021.12.30"]
[Round "19.4"]
[White "Efimenko, Zahar"]
[Black "Blohberger, Felix"]
[Result "1-0"]
[WhiteElo "2601"]
[BlackElo "2490"]
[Annotator "ChessBase"]
[PlyCount "85"]
[EventDate "2021.12.29"]
[EventType "swiss"]
[EventCountry "POL"]
[Tiebreak "Cut1 Buchholz"]
[SourceTitle "playchess.com"]
[Source "ChessBase"]
[SourceQuality "1"]

1. Nf3 Nf6 2. g3 g6 3. b3 Bg7 4. Bb2 d6 5. d4 c5 6. Bg2 Qa5+ 7. Qd2 Qxd2+ 8.
Nbxd2 Na6 9. O-O O-O 10. c4 Bd7 11. a3 Rab8 12. e4 cxd4 13. Nxd4 Nc5 14. Rad1
Rfc8 15. h3 a6 16. b4 Nd3 17. Ba1 Ne5 18. Rc1 b5 19. cxb5 axb5 20. N4b3 Nd3 21.
Rxc8+ Rxc8 22. Rb1 Ne8 23. Bxg7 Nxg7 24. Bf1 Ne5 25. Nd4 Ra8 26. Ra1 Rb8 27. f4
Nc6 28. Nxb5 Ne6 29. Nc3 Ned4 30. b5 Na5 31. Rb1 Nc2 32. a4 Ne3 33. Nd5 Nxd5
34. exd5 Bf5 35. Rb4 e6 36. Nc4 Nxc4 37. Bxc4 exd5 38. Bxd5 Bd3 39. b6 Kf8 40.
b7 Ke7 41. a5 f6 42. Rb6 Kd7 43. a6 1-0

[Event "FIDE Open World Blitz 2021"]
[Site "Warsaw"]
[Date "2021.12.30"]
[Round "19.5"]
[White "Firouzja, Alireza"]
[Black "Erigaisi Arjun"]
[Result "1-0"]
[WhiteElo "2770"]
[BlackElo "2627"]
[Annotator "RC"]
[PlyCount "137"]
[EventDate "2021.12.29"]
[EventType "swiss"]
[EventCountry "POL"]
[Tiebreak "Cut1 Buchholz"]
[SourceTitle "playchess.com"]
[Source "ChessBase"]
[SourceQuality "1"]

1. e4 c5 2. Nf3 d6 3. d4 cxd4 4. Nxd4 Nf6 5. Nc3 g6 6. Be3 Bg7 7. f3 Nc6 8. Qd2
O-O 9. O-O-O d5 10. exd5 Nxd5 11. Nxc6 bxc6 12. Bd4 e5 13. Bc5 Re8 14. Bc4 Be6
15. Kb1 Rb8 16. Bb3 Qc7 17. Ne4 Red8 18. Qe1 h6 19. g4 f5 20. gxf5 gxf5 21. Ng3
Qf7 22. Rg1 Kh7 23. Ne2 Rd7 24. Nc1 Nf4 25. Rxd7 Qxd7 26. Qa5 Rb7 27. Qa6 Bd5
28. Be3 Ne6 29. Rd1 Qf7 30. Ne2 Rd7 31. Rf1 f4 32. Bc1 Nc5 33. Qa5 Nxb3 34.
axb3 Qh5 35. Nc3 Bxf3 36. Qa4 Rf7 37. Qc4 Bg2 38. Rg1 f3 39. Qd3+ Qf5 40. Ne4
a5 41. Be3 Bf8 42. Qc4 Bg7 43. Nd6 f2 44. Nxf5 fxg1=R+ 45. Bxg1 Rxf5 46. Be3
Bd5 47. Qa4 Rf3 48. Bc5 e4 49. Qxa5 Rf1+ 50. Ka2 Rf5 51. Qb4 Rf7 52. Be3 Rf3
53. Bd4 Rf7 54. Bxg7 Ra7+ 55. Kb1 Rxg7 56. Qc5 Rf7 57. c4 Be6 58. Qe5 Bf5 59.
Kc1 Kg6 60. b4 Kg5 61. Kd2 Rd7+ 62. Ke1 Rd3 63. b5 cxb5 64. c5 Re3+ 65. Kd2
Rd3+ 66. Kc1 e3 67. c6 Kg4 68. c7 Bc8 69. Qe4+ 1-0

[Event "FIDE Open World Blitz 2021"]
[Site "Warsaw"]
[Date "2021.12.30"]
[Round "19.5"]
[White "Szpar, Milosz"]
[Black "Durarbayli, Vasif"]
[Result "0-1"]
[WhiteElo "2285"]
[BlackElo "2599"]
[Annotator "ChessBase"]
[PlyCount "74"]
[EventDate "2021.12.29"]
[EventType "swiss"]
[EventCountry "POL"]
[Tiebreak "Cut1 Buchholz"]
[SourceTitle "playchess.com"]
[Source "ChessBase"]
[SourceQuality "1"]

1. e4 e5 2. Nf3 Nc6 3. Bb5 a6 4. Ba4 Nge7 5. O-O g6 6. c3 b5 7. Bb3 Bg7 8. d4
exd4 9. cxd4 d6 10. h3 O-O 11. a4 Rb8 12. axb5 axb5 13. Nc3 b4 14. Nd5 Nxd5 15.
Bxd5 Ne7 16. Bg5 h6 17. Bxe7 Qxe7 18. Ra7 Be6 19. Qc2 Bxd5 20. exd5 Rfc8 21.
Qc6 Kh7 22. Rc1 Qe2 23. b3 Qb2 24. Rxc7 Rxc7 25. Qxc7 Ra8 26. Qc4 Ra3 27. Re1
Qxb3 28. Qc6 Ra5 29. Qxd6 Rxd5 30. Qc7 Rf5 31. Qb7 Qc3 32. Rb1 Bf8 33. Qb8 Kg7
34. Qb7 Bd6 35. Qb6 Rf6 36. Qb5 Qc2 37. Rxb4 Qc1+ 0-1

[Event "FIDE Open World Blitz 2021"]
[Site "Warsaw"]
[Date "2021.12.30"]
[Round "19.6"]
[White "Volokitin, Andrei"]
[Black "Mitrabha, Guha"]
[Result "0-1"]
[WhiteElo "2656"]
[BlackElo "2370"]
[Annotator "ChessBase"]
[PlyCount "138"]
[EventDate "2021.12.29"]
[EventType "swiss"]
[EventCountry "POL"]
[Tiebreak "Cut1 Buchholz"]
[SourceTitle "playchess.com"]
[Source "ChessBase"]
[SourceQuality "1"]

1. e4 c6 2. d4 d5 3. e5 Bf5 4. Nf3 e6 5. Be2 Ne7 6. c3 Nd7 7. O-O c5 8. dxc5
Nxc5 9. Nd4 a6 10. Be3 Rc8 11. c4 Bg6 12. Nc3 dxc4 13. Bxc4 Nf5 14. Nxf5 Bxf5
15. Qf3 Be7 16. Rfd1 Qc7 17. Bf1 O-O 18. Nd5 exd5 19. Qxf5 Rfd8 20. Rac1 Qb8
21. a3 Ne6 22. Rxc8 Qxc8 23. Rc1 Qd7 24. Bb6 Rc8 25. Rxc8+ Qxc8 26. g3 Qc1 27.
Qd3 Qxb2 28. Be3 Qxe5 29. Bg2 Qa1+ 30. Qf1 Qxf1+ 31. Kxf1 d4 32. Bd2 b5 33. Bb7
Bxa3 34. Bxa6 b4 35. Bc4 Nc5 36. Ke2 b3 37. Kd1 Kf8 38. Ba5 b2 39. Kc2 Ne4 40.
Be1 Ke7 41. Bd3 Nc5 42. Bc4 f6 43. f3 Kd6 44. Bf2 Ke5 45. Bb5 Kd5 46. Kb1 Nb3
47. Be1 Kc5 48. Bd3 h6 49. Bh7 Nc1 50. Ba5 Kc4 51. Kc2 d3+ 52. Kb1 Ne2 53. Bg8+
Kd4 54. Bb6+ Bc5 55. Bxc5+ Kxc5 56. Kxb2 Kd4 57. f4 Ke3 58. Bb3 Nd4 59. Ba4 Nf3
60. h4 Nd4 61. Kc3 Ne2+ 62. Kc4 Nxg3 63. Bd1 Ne2 64. f5 Ng3 65. Bg4 d2 66. Kd5
Nxf5 67. h5 Nd4 68. Bd1 f5 69. Kd6 f4 0-1

[Event "FIDE Open World Blitz 2021"]
[Site "Warsaw"]
[Date "2021.12.30"]
[Round "19.6"]
[White "Oparin, Grigoriy"]
[Black "Duda, Jan-Krzysztof"]
[Result "0-1"]
[WhiteElo "2580"]
[BlackElo "2756"]
[Annotator "ChessBase"]
[PlyCount "174"]
[EventDate "2021.12.29"]
[EventType "swiss"]
[EventCountry "POL"]
[Tiebreak "Cut1 Buchholz"]
[SourceTitle "playchess.com"]
[Source "ChessBase"]
[SourceQuality "1"]

1. Nf3 Nf6 2. g3 g6 3. Bg2 Bg7 4. c4 c5 5. d4 cxd4 6. Nxd4 O-O 7. Nc3 Nc6 8.
O-O Qa5 9. e3 d6 10. Bd2 Bd7 11. b3 Rfc8 12. Rc1 Qd8 13. h3 h5 14. Qe2 Rab8 15.
Rfd1 a6 16. Nxc6 Bxc6 17. e4 Nd7 18. Bg5 b5 19. cxb5 axb5 20. Nd5 Bxd5 21. exd5
Rxc1 22. Rxc1 Bf6 23. Bf4 b4 24. h4 Qa5 25. Rc6 Ra8 26. Rc2 Ne5 27. Be3 Ng4 28.
Bf4 Kg7 29. Bf3 Ne5 30. Bg2 Qb6 31. Be3 Qb7 32. Bf4 Ra5 33. Qd2 Ra8 34. Qe2 Kh7
35. Qd2 Qb5 36. Qe2 Qxe2 37. Rxe2 Nd3 38. Bg5 Bxg5 39. hxg5 Ra7 40. Rc2 Kg7 41.
f4 f6 42. gxf6+ Kxf6 43. Bf1 Nc5 44. Kf2 g5 45. fxg5+ Kxg5 46. Ke3 Nd7 47. Be2
Nf6 48. Bf3 Kf5 49. Kd4 Ra8 50. Rh2 Kg5 51. Re2 Ra7 52. Kc4 Rb7 53. Re1 Nd7 54.
Kd4 Ne5 55. Be2 Rc7 56. Rh1 Rc2 57. Rxh5+ Kf6 58. Ke3 Rxa2 59. Rh6+ Kg7 60. Rh4
Ra5 61. Rxb4 Rxd5 62. Rb8 Nc6 63. Rb7 Re5+ 64. Kf2 Nd4 65. Bd3 Kf6 66. b4 Rh5
67. b5 d5 68. b6 Rh2+ 69. Ke3 Ne6 70. Rb8 Rb2 71. b7 Ke5 72. g4 Rb3 73. Kd2 Nc5
74. Bc2 Rxb7 75. Rxb7 Nxb7 76. g5 Nd8 77. Ke3 Ne6 78. g6 Kf6 79. Bb3 Nc7 80.
Bc2 Nb5 81. Bb3 e6 82. Bc2 Nd6 83. Kf4 Nc4 84. Bd3 e5+ 85. Kg4 e4 86. Be2 Ne5+
87. Kf4 Nxg6+ 0-1

[Event "FIDE Open World Blitz 2021"]
[Site "Warsaw"]
[Date "2021.12.30"]
[Round "19.7"]
[White "Nepomniachtchi, Ian"]
[Black "Sindarov, Javokhir"]
[Result "0-1"]
[WhiteElo "2782"]
[BlackElo "2587"]
[Annotator "TA"]
[PlyCount "96"]
[EventDate "2021.12.29"]
[EventType "swiss"]
[EventCountry "POL"]
[Tiebreak "Cut1 Buchholz"]
[SourceTitle "playchess.com"]
[Source "ChessBase"]
[SourceQuality "1"]

1. e4 e5 2. Nf3 Nc6 3. Bb5 a6 4. Ba4 Nf6 5. O-O Nxe4 6. d4 b5 7. Bb3 d5 8. dxe5
Be6 9. Nbd2 Nc5 10. c3 Be7 11. Bc2 d4 12. Nb3 d3 13. Bb1 Nxb3 14. axb3 Bf5 15.
Be3 O-O 16. Bd4 Qd5 17. Re1 Rfd8 18. Re3 Nxd4 19. cxd4 c5 20. Bxd3 cxd4 21. Re2
Bxd3 22. Qxd3 Rac8 23. h4 Qe6 24. g3 h6 25. Kg2 Rd7 26. Re4 Rcd8 27. Rc1 Rd5
28. Re2 Rc5 29. Rec2 Qd5 30. h5 Rxc2 31. Rxc2 Bc5 32. Re2 Re8 33. Re4 Bb6 34.
Kh2 Rc8 35. Re1 Qc5 36. Re2 Qd5 37. Re1 Qc5 38. e6 Qxh5+ 39. Kg2 fxe6 40. Re5
Qe8 41. Qe2 Qd7 42. Rxe6 d3 43. Qe5 Bc5 44. Rg6 Bf8 45. Rg4 Qxg4 46. Qd5+ Kh7
47. Ne5 Qf5 48. g4 Rc5 0-1

[Event "FIDE Open World Blitz 2021"]
[Site "Warsaw"]
[Date "2021.12.30"]
[Round "19.7"]
[White "Chigaev, Maksim"]
[Black "Petrovskyi, Vadym"]
[Result "1-0"]
[WhiteElo "2626"]
[BlackElo "2377"]
[Annotator "ChessBase"]
[PlyCount "49"]
[EventDate "2021.12.29"]
[EventType "swiss"]
[EventCountry "POL"]
[Tiebreak "Cut1 Buchholz"]
[SourceTitle "playchess.com"]
[Source "ChessBase"]
[SourceQuality "1"]

1. d4 Nf6 2. c4 g6 3. Nc3 Bg7 4. e4 d6 5. Nf3 O-O 6. Be2 e5 7. O-O Nc6 8. d5
Ne7 9. b4 a5 10. bxa5 Rxa5 11. a4 b6 12. Ra3 Nd7 13. Bd2 Ra8 14. Re1 Nc5 15.
Be3 f5 16. Bxc5 dxc5 17. Ng5 Rf6 18. Bf3 Rd6 19. Nb5 Rf6 20. exf5 Bb7 21. Ne6
Qc8 22. Nexc7 gxf5 23. d6 Bxf3 24. Rxf3 e4 25. dxe7 1-0

[Event "FIDE Open World Blitz 2021"]
[Site "Warsaw"]
[Date "2021.12.30"]
[Round "19.8"]
[White "Grischuk, Alexander"]
[Black "Giri, Anish"]
[Result "1/2-1/2"]
[WhiteElo "2773"]
[BlackElo "2774"]
[Annotator "TA"]
[PlyCount "60"]
[EventDate "2021.12.29"]
[EventType "swiss"]
[EventCountry "POL"]
[Tiebreak "Cut1 Buchholz"]
[SourceTitle "playchess.com"]
[Source "ChessBase"]
[SourceQuality "1"]

1. e4 c5 2. Nf3 d6 3. Bb5+ Bd7 4. Bxd7+ Qxd7 5. c4 Nf6 6. Nc3 Nc6 7. d4 cxd4 8.
Nxd4 g6 9. h3 Nxd4 10. Qxd4 Bg7 11. O-O O-O 12. Qd3 a6 13. a4 Rac8 14. Rb1 Rfe8
15. b3 Qc6 16. Bd2 Nd7 17. Rfe1 Nc5 18. Qc2 Bxc3 19. Bxc3 b5 20. axb5 axb5 21.
cxb5 Qxb5 22. Re3 Rc6 23. Qd2 Ne6 24. b4 Rec8 25. Ra1 Qc4 26. Kh2 R6c7 27. Ra5
Qb3 28. Bf6 Qc4 29. Bc3 Qb3 30. Bf6 Qc4 1/2-1/2

[Event "FIDE Open World Blitz 2021"]
[Site "Warsaw"]
[Date "2021.12.30"]
[Round "19.8"]
[White "Bartel, Mateusz"]
[Black "Shoker, Samy"]
[Result "1/2-1/2"]
[WhiteElo "2619"]
[BlackElo "2504"]
[Annotator "ChessBase"]
[PlyCount "102"]
[EventDate "2021.12.29"]
[EventType "swiss"]
[EventCountry "POL"]
[Tiebreak "Cut1 Buchholz"]
[SourceTitle "playchess.com"]
[Source "ChessBase"]
[SourceQuality "1"]

1. e4 g6 2. d4 Bg7 3. Nc3 d6 4. Nf3 a6 5. Be3 b5 6. Bd3 Bb7 7. a3 Nd7 8. O-O c5
9. dxc5 Nxc5 10. Bd4 Bxd4 11. Nxd4 Nf6 12. Re1 O-O 13. b4 Ncd7 14. Nb3 Rc8 15.
Qd2 Ne5 16. a4 Qc7 17. Nd1 bxa4 18. Rxa4 Rfd8 19. Nd4 Qb6 20. c3 Kg7 21. Nb2
Nxd3 22. Qxd3 e5 23. Nb3 d5 24. Nc5 dxe4 25. Qe2 Ra8 26. Nc4 Qc7 27. Nxb7 Qxb7
28. Nxe5 Qc7 29. Ng4 Nxg4 30. Qxg4 Qxc3 31. Rf1 Re8 32. h3 Qb3 33. Rfa1 Re6 34.
Qg5 h6 35. Qc5 Rb8 36. Qd4+ Kh7 37. Qa7 Rf8 38. Qb7 e3 39. fxe3 Qxe3+ 40. Kh1
Qc3 41. Rxa6 Re1+ 42. Rxe1 Qxe1+ 43. Kh2 Qe5+ 44. Kh1 Qe1+ 45. Kh2 Qe5+ 46. Kh1
Kg7 47. Ra7 Qe1+ 48. Kh2 Qe5+ 49. Kh1 Qe1+ 50. Kh2 Qe5+ 51. Kh1 Qe1+ 1/2-1/2

[Event "FIDE Open World Blitz 2021"]
[Site "Warsaw"]
[Date "2021.12.30"]
[Round "19.9"]
[White "Mamedyarov, Shakhriyar"]
[Black "Svane, Rasmus"]
[Result "1-0"]
[WhiteElo "2765"]
[BlackElo "2628"]
[Annotator "ChessBase"]
[PlyCount "77"]
[EventDate "2021.12.29"]
[EventType "swiss"]
[EventCountry "POL"]
[Tiebreak "Cut1 Buchholz"]
[SourceTitle "playchess.com"]
[Source "ChessBase"]
[SourceQuality "1"]

1. d4 Nf6 2. Bg5 d5 3. Nd2 c5 4. dxc5 e6 5. e4 Be7 6. Qe2 Nxe4 7. Bxe7 Qxe7 8.
Nxe4 dxe4 9. Qxe4 Qxc5 10. Nf3 Nd7 11. O-O-O O-O 12. Bd3 Nf6 13. Qh4 Qh5 14.
Qg3 Bd7 15. Rhe1 Rfd8 16. h3 Qa5 17. Kb1 Bc6 18. Ne5 Bb5 19. c4 Ba4 20. b3 Be8
21. Qh4 Bc6 22. f3 Qc3 23. Bxh7+ Kf8 24. Bd3 Ke7 25. Qg5 Kf8 26. Rc1 Qb4 27.
Qh4 Ke7 28. g4 Rd4 29. f4 Rad8 30. Bc2 Rd2 31. f5 a5 32. fxe6 fxe6 33. Qg5 Kf8
34. Rf1 Rxc2 35. Rxc2 Be4 36. Rxf6+ Kg8 37. Rf7 Bxc2+ 38. Kb2 Bg6 39. Qxd8+ 1-0

[Event "FIDE Open World Blitz 2021"]
[Site "Warsaw"]
[Date "2021.12.30"]
[Round "19.9"]
[White "Demidov, Mikhail"]
[Black "Kozak, Adam"]
[Result "1/2-1/2"]
[WhiteElo "2592"]
[BlackElo "2532"]
[Annotator "ChessBase"]
[PlyCount "97"]
[EventDate "2021.12.29"]
[EventType "swiss"]
[EventCountry "POL"]
[Tiebreak "Cut1 Buchholz"]
[SourceTitle "playchess.com"]
[Source "ChessBase"]
[SourceQuality "1"]

1. Nf3 c5 2. c3 Nf6 3. d4 cxd4 4. cxd4 g6 5. Nc3 Bg7 6. Bf4 d6 7. e3 Nc6 8. h3
O-O 9. Be2 Qb6 10. Qb3 Be6 11. Qxb6 axb6 12. O-O Nd5 13. Nxd5 Bxd5 14. a3 e5
15. Bg3 Bxf3 16. Bxf3 exd4 17. Bxd6 Rfe8 18. exd4 Nxd4 19. Bxb7 Ra7 20. Bf3
Nxf3+ 21. gxf3 Rd8 22. Bb4 Bxb2 23. Rfd1 Rad7 24. Rxd7 Rxd7 25. Rb1 Be5 26. Kg2
f6 27. Rc1 Rc7 28. Rd1 Kf7 29. Rd8 g5 30. Bd2 Ra7 31. Rd3 Rc7 32. Be3 Rc6 33.
Rd7+ Kg6 34. Ra7 h5 35. a4 Bc7 36. Rb7 Rc4 37. Ra7 Kf5 38. Kf1 Kg6 39. Ke2 Rc6
40. Kd3 Bd6 41. Ke4 Be5 42. Kd5 Rc3 43. Ra6 Bf4 44. Bd4 Rxf3 45. Rxb6 Bh2 46.
a5 Bc7 47. Ra6 Bxa5 48. Ke4 Rf5 49. Bxf6 1/2-1/2

[Event "FIDE Open World Blitz 2021"]
[Site "Warsaw"]
[Date "2021.12.30"]
[Round "19.10"]
[White "Fedoseev, Vladimir"]
[Black "Petrosian, Tigran L."]
[Result "1-0"]
[WhiteElo "2704"]
[BlackElo "2602"]
[Annotator "ChessBase"]
[PlyCount "123"]
[EventDate "2021.12.29"]
[EventType "swiss"]
[EventCountry "POL"]
[Tiebreak "Cut1 Buchholz"]
[SourceTitle "playchess.com"]
[Source "ChessBase"]
[SourceQuality "1"]

1. e4 g6 2. d4 Bg7 3. Nf3 d6 4. Be3 c6 5. Qd2 Nf6 6. Bd3 Bg4 7. Ng1 O-O 8. f3
Bc8 9. Ne2 e5 10. dxe5 dxe5 11. Bc4 Qe7 12. a4 Rd8 13. Qc3 Nbd7 14. a5 Nf8 15.
Bc5 Qe8 16. Qe3 Be6 17. Na3 b5 18. axb6 axb6 19. Bxe6 Nxe6 20. Bxb6 Rdb8 21. b4
Bf8 22. c3 Nd7 23. Ba5 c5 24. Nc2 cxb4 25. cxb4 Bxb4+ 26. Nxb4 Rxb4 27. O-O Rb5
28. Bc3 Rxa1 29. Rxa1 Qb8 30. Rd1 Rb1 31. Nc1 Qc7 32. Qd3 Qb6+ 33. Kh1 Nec5 34.
Qc2 f6 35. h3 Kg7 36. Kh2 Nf8 37. Rd5 Nce6 38. Qd2 Nf4 39. Rxe5 fxe5 40. Bxe5+
Kg8 41. Bxf4 Qe6 42. Nd3 Rb5 43. Bg3 Nd7 44. Nf4 Qf7 45. Nd5 Rxd5 46. exd5 Nf6
47. d6 Qe6 48. Qd4 Nd7 49. Qh4 h5 50. Qg5 Kf7 51. Qf4+ Kg8 52. Bh4 Kg7 53. Qd4+
Kf7 54. Be7 Kg8 55. Qf4 Kh7 56. Qe4 Qxe4 57. fxe4 Kg7 58. Kg3 Kf7 59. Kf4 Nc5
60. Ke5 Nd7+ 61. Kd5 Nb8 62. e5 1-0